000 00859nam a2200217 i 4500
001 28465
003 ES-MaACL
005 20230906153847.0
007 t|
008 030117s1968 sp ||||1| spa d
100 1 _aBaena del Alcázar, Mariano.
_924589
245 1 4 _aLos estudios sobre Administración en la España del siglo XVIII /
_cMariano Baena del Alcázar ; con el discurso sobre el Gobierno Municipal de José Agustín Ibáñez de la Rentería.
260 _aMadrid :
_bInstituto de Estudios Políticos,
_c1968.
300 _a167 p. ;
_c21 cm.
490 1 _aEstudios de administración ;
_v38
700 1 _aIbáñez de la Rentería, José Agustín.
_964919
710 2 _aInstituto de Estudios Políticos (Madrid)
_94924
830 0 _aEstudios de administración ;
_v38
_9183321
852 _aES-MaACL
_jC-35239
_bR.68327
999 _c28465
_d28465